| 000 | 00698nam a22001937a 4500 | ||
|---|---|---|---|
| 005 | 2010081304484.0 | ||
| 010 | _aENG-100153 | ||
| 020 |
_a9788190755696 _c125.00 |
||
| 035 | _aEN-83685 | ||
| 037 | _bDBAD/PUB | ||
| 082 | _a621.3815 | ||
| 100 |
_aJoshua Gnanamuthu, S. _912894 |
||
| 245 |
_aDigital electronics / _cby S. Joshua Gnanamuthu |
||
| 260 |
_aChennai _bPoovizhi Pathippagam _c2009 |
||
| 270 |
_aNo. 7/2, Sembada Street, Saidapet West, _bChennai _e600015 |
||
| 300 |
_a136p. _c21cm (pbk) |
||
| 942 |
_2ddc _cEN _h621.3815 _mJOS |
||
| 999 |
_c41721 _d41721 |
||